| 000 | 004320000a22001810004500 | ||
|---|---|---|---|
| 003 | MACL | ||
| 005 | 20151119160624.0 | ||
| 008 | 151119b xxu||||| |||| 00| 0 eng d | ||
| 040 |
_aMACL _cMACL |
||
| 041 | _aEnglish | ||
| 082 | _a710/FRI | ||
| 100 |
_aFritz, John M. _917559 |
||
| 245 | _aNew Light On Hampi | ||
| 260 |
_aMumbai _bMarg Publications _c2006 |
||
| 350 | _a2250 | ||
| 650 |
_aArchitecture _9259 |
||
| 942 |
_cBK _k710 _2ddc |
||
| 999 |
_c1944 _d1944 |
||